DIONYSOS : HISTOIRE DU CULTE DE BACCHUS /

Spremljeno u:
Bibliografski detalji
Glavni autor: Jeanmaire, H. (autor)
Format: Knjiga
Serija:BIBLIOTHEQUE HISTORIQUE
Teme:
Oznake: Dodaj oznaku
Bez oznaka, Budi prvi tko označuje ovaj zapis!

MARC

LEADER 00000nam^a2200000^a^4500
001 000244224
005 20250521000000.0
009 20260310105409.481
035 |a 067031 
037 |a Acervo Xavier Clavigero 
082 |a 398. 2  |b JEA 
100 |a Jeanmaire, H.  |e (autor) 
245 1 0 |a DIONYSOS :  |b HISTOIRE DU CULTE DE BACCHUS /  |c H. JEANMAIRE 
264 |a PARIS :  |b PAYOT,  |c 1951 
300 |a 509 p. 
336 |a texto  |b txt  |2 rdacontenido 
337 |a sin mediación  |b n  |2 rdamedio 
338 |a volumen  |b nc  |2 rdasoporte 
440 |a BIBLIOTHEQUE HISTORIQUE 
649 |a XX 
650 |a Mitología Griega 
910 |a Fondo General 
920 |a Impresos - Libros 
930 |a Colección General 
905 |a 101 
901 |a 067031  |b IT1  |c ACC  |i 067031  |u 20250521 
902 |a https://opac.biblio.iteso.mx/vufind/Record/000244224